|
|
|
|
| LEADER |
00000nab a2200000 a 4500 |
| 001 |
vtls000865111 |
| 003 |
SK-MaSNL |
| 005 |
20260304204444.0 |
| 008 |
250429c2004 xo 0 slo |
| 015 |
|
|
|a SNBRB2004/03-07540
|
| 035 |
|
|
|a CLN000216663
|
| 035 |
|
|
|a urn:nbn:sk:snk-ab73s6
|
| 035 |
|
|
|a (uuid)a261bb44-a5b8-49a9-a6fe-a26bb86c3057
|
| 035 |
|
|
|a (urnnbn)urn:nbn:sk:snk:ar-a06s8z
|
| 035 |
|
|
|a (sysno)vtls000865111
|
| 040 |
|
|
|a SNKBUCL
|b slo
|c SNKBUCL
|e AACR2
|
| 041 |
0 |
|
|a slo
|
| 044 |
|
|
|a xo
|c SK
|
| 080 |
|
|
|a 347.41/.43
|2 1997
|
| 080 |
|
|
|a 657.432
|2 1997
|
| 080 |
|
|
|a 336.225.621.12:347.41/.43
|2 1997
|
| 100 |
1 |
|
|a Heribanová, Mária,
|d 1952-
|4 aut
|9 253917
|
| 245 |
1 |
0 |
|a Testovanie pohľadávok z daňového a účtovného hľadiska
|c Mária Heribanová
|
| 650 |
0 |
7 |
|a pohľadávky
|x dane
|x účtovanie
|2 snkbucl
|9 1537764
|
| 650 |
0 |
7 |
|a účtovníctvo
|2 snkbucl
|9 649
|
| 650 |
0 |
7 |
|a dane
|2 snkbucl
|9 2123
|
| 655 |
|
7 |
|a články z novín a časopisov
|2 snkbucl
|9 267496
|
| 773 |
0 |
|
|t Dane a účtovníctvo v praxi
|g Roč. 9, č. 2 (2004), s. 48-50
|x 1335-7034
|
| 850 |
|
|
|a Slovenská národná knižnica
|
| 852 |
|
|
|a Slovenská národná knižnica
|
| 954 |
|
|
|a odborná, vedecká literatúra pôvodná (slovenská)
|2 lita
|
| 958 |
|
|
|a article27
|
| 958 |
|
|
|a OND
|
| 958 |
|
|
|a EUIPO
|
| 992 |
|
|
|a RBX
|
| 999 |
|
|
|c 3116113
|d 3118043
|